[Event "2. Bundesliga Mitte 2012/2013"]
[Site "Bad Schallerbach"]
[Date "2012.10.21"]
[Round "3"]
[Board "3"]
[White "Jovanovic, Zoran"]
[Black "Enoeckl, Philipp"]
[Result "1/2-1/2"]
[WhiteElo "2516"]
[BlackElo "2316"]
[PlyCount "72"]
[EventDate "2012.10.19"]
[EventType "team"]
[EventRounds "11"]
[EventCountry "AUT"]
[WhiteTeam "Schachverein Wolfsberg"]
[BlackTeam "SV Steyregg"]

1. e4 e6 2. Qe2 c5 3. Nf3 Nc6 4. c3 g6 5. g3 Bg7 6. Bg2 d6 7. O-O Nge7 8. Rd1
e5 9. Na3 O-O 10. Nc2 d5 11. exd5 Nxd5 12. d3 Re8 13. Ng5 h6 14. Qf3 hxg5 15.
Qxd5 Qxd5 16. Bxd5 g4 17. Be3 Bf8 18. d4 Bf5 19. Rac1 cxd4 20. Bxc6 bxc6 21.
cxd4 Rad8 22. Rd2 Bg7 23. dxe5 Rxd2 24. Bxd2 Bxe5 25. Ne3 Bxb2 26. Rxc6 Be4 27.
Rc4 Bf3 28. Bc3 Rb8 29. Rb4 Rxb4 30. Bxb4 Bd4 31. Kf1 Kg7 32. Ke1 Kf6 33. Kd2
Ke6 34. Kd3 Bb6 35. Bc3 Bd5 36. a3 Bxe3 1/2-1/2

[Event "2. Bundesliga Mitte 2012/2013"]
[Site "Bad Schallerbach"]
[Date "2012.10.21"]
[Round "3"]
[Board "6"]
[White "Hametner, Gerald"]
[Black "Toefferl, Heimo"]
[Result "1-0"]
[WhiteElo "1969"]
[BlackElo "2136"]
[PlyCount "135"]
[EventDate "2012.10.19"]
[EventType "team"]
[EventRounds "11"]
[EventCountry "AUT"]
[WhiteTeam "SV Steyregg"]
[BlackTeam "Schachverein Wolfsberg"]

1. e4 e6 2. d4 d5 3. Nd2 Nf6 4. e5 Nfd7 5. f4 b6 6. Ngf3 c5 7. c3 Ba6 8. Bxa6
Nxa6 9. a3 Nc7 10. Nf1 Be7 11. Ne3 g6 12. O-O c4 13. Bd2 b5 14. Nc2 Nb6 15. Nb4
Qd7 16. Be1 a5 17. Na2 Qd8 18. Qc2 h6 19. Kh1 Kd7 20. Nc1 a4 21. Na2 Kc6 22.
Nb4+ Kb7 23. Qf2 Qd7 24. Qg1 Rag8 25. Bd2 Ne8 26. Qf2 Ng7 27. Nc2 Qd8 28. Rad1
Rh7 29. Bc1 g5 30. Ng1 g4 31. Ne2 h5 32. Ne3 Ne8 33. f5 h4 34. fxe6 fxe6 35.
Nf4 Nc7 36. Qe2 Rhg7 37. Nh5 Rg6 38. Nf4 Rg5 39. Qc2 Qe8 40. Rde1 Nd7 41. Nxe6
Nxe6 42. Nxd5 R5g6 43. Qe4 Ka7 44. Nxe7 Qxe7 45. d5 Nd8 46. Be3+ Nb6 47. Qd4 h3
48. Rf6 Rxf6 49. exf6 Qb7 50. Bf2 Ka6 51. Re7 Qb8 52. Kg1 hxg2 53. f7 Rf8 54.
Qg7 Nb7 55. Re6 Nd6 56. Qh6 Rh8 57. f8=Q Rxf8 58. Rxd6 Rxf2 59. Kxf2 Qa7 60.
Kxg2 Ka5 61. Qe3 Qc7 62. Qxb6+ Qxb6 63. Rxb6 Kxb6 64. Kg3 Kc5 65. Kxg4 Kxd5 66.
Kf5 Kd6 67. h4 Ke7 68. Ke4 1-0

[Event "2. Bundesliga Mitte 2012/2013"]
[Site "Bad Schallerbach"]
[Date "2012.10.21"]
[Round "3"]
[Board "1"]
[White "Tratar, Marko"]
[Black "Flumbort, Andras"]
[Result "1/2-1/2"]
[WhiteElo "2508"]
[BlackElo "2492"]
[PlyCount "61"]
[EventDate "2012.10.19"]
[EventType "team"]
[EventRounds "11"]
[EventCountry "AUT"]
[WhiteTeam "Schachclub MPOE Maria Saal"]
[BlackTeam "ASK St. Valentin"]

1. c4 c5 2. g3 g6 3. Bg2 Bg7 4. Nc3 Nc6 5. d3 d6 6. e4 a6 7. Nge2 Rb8 8. a4 e6
9. O-O Nge7 10. Rb1 O-O 11. Be3 Nd4 12. b4 cxb4 13. Bxd4 Bxd4 14. Nxd4 bxc3 15.
Qb3 Bd7 16. Ne2 b5 17. axb5 axb5 18. Qxc3 bxc4 19. Qxc4 e5 20. d4 Qa5 21. dxe5
dxe5 22. Qc3 Qxc3 23. Nxc3 Kg7 24. Rfd1 Bg4 25. f3 Be6 26. Rxb8 Rxb8 27. Rb1
Rxb1+ 28. Nxb1 Nc6 29. Kf2 f6 30. Bf1 Nd4 31. Nc3 1/2-1/2

[Event "2. Bundesliga Mitte 2012/2013"]
[Site "Bad Schallerbach"]
[Date "2012.10.21"]
[Round "3"]
[Board "2"]
[White "Hajnal, Zoltan"]
[Black "Handler, Lukas"]
[Result "1-0"]
[WhiteElo "2368"]
[BlackElo "2369"]
[PlyCount "103"]
[EventDate "2012.10.19"]
[EventType "team"]
[EventRounds "11"]
[EventCountry "AUT"]
[WhiteTeam "ASK St. Valentin"]
[BlackTeam "Schachclub MPOE Maria Saal"]

1. e4 e5 2. Nf3 Nc6 3. Bc4 Bc5 4. O-O Nf6 5. d4 Bxd4 6. Nxd4 Nxd4 7. f4 d6 8.
fxe5 dxe5 9. Bg5 Qe7 10. Na3 Rg8 11. c3 Ne6 12. Bxe6 Bxe6 13. Kh1 Bd7 14. Nc2
O-O-O 15. Qe2 h6 16. Bxf6 gxf6 17. Ne3 Bc6 18. Nf5 Qe6 19. Nxh6 Rg6 20. Nf5
Rdg8 21. Rf2 Rd8 22. Raf1 Kb8 23. b3 Qd7 24. Kg1 Bb5 25. c4 Bc6 26. h3 a6 27.
Kh2 Rg5 28. Ng3 Rdg8 29. Nh5 Rxh5 30. Qxh5 Bxe4 31. Rd1 Qe6 32. Qh4 Qc6 33.
Rdd2 Rg6 34. Qh8+ Ka7 35. Qf8 f5 36. Qxf7 Rd6 37. Qe7 Qc5 38. Rfe2 Qb4 39. Rxd6
cxd6 40. h4 Qb6 41. Qg5 Bd3 42. Rd2 Qd4 43. Qg3 e4 44. Qf4 Qh8 45. g3 Qf6 46.
h5 Ka8 47. h6 Qg6 48. Qh4 Qh7 49. Qg5 f4 50. Qxf4 Qg6 51. Kg1 Ka7 52. Rh2 1-0

[Event "2. Bundesliga Mitte 2012/2013"]
[Site "Bad Schallerbach"]
[Date "2012.10.21"]
[Round "3"]
[Board "3"]
[White "Schachinger, Mario"]
[Black "Sandhoefner, Florian"]
[Result "1-0"]
[WhiteElo "2426"]
[BlackElo "2221"]
[PlyCount "123"]
[EventDate "2012.10.19"]
[EventType "team"]
[EventRounds "11"]
[EventCountry "AUT"]
[WhiteTeam "Schachclub MPOE Maria Saal"]
[BlackTeam "ASK St. Valentin"]

1. c4 Nf6 2. g3 c6 3. Bg2 d5 4. Nf3 dxc4 5. O-O Nbd7 6. Qc2 Nb6 7. Na3 Be6 8.
Ng5 Qd7 9. Nxe6 Qxe6 10. b3 cxb3 11. axb3 g6 12. Nc4 Nxc4 13. bxc4 Bg7 14. d4
O-O 15. e4 Rfd8 16. Bb2 Ne8 17. Rfd1 c5 18. e5 cxd4 19. Bxb7 Rab8 20. Bd5 Qxe5
21. Bxd4 Qf5 22. Be4 Qe6 23. Bd5 Qf5 24. Qxf5 gxf5 25. Bxa7 Bxa1 26. Bxb8 Rxb8
27. Rxa1 e6 28. Bc6 Nf6 29. c5 Rc8 30. Ra8 Rxa8 31. Bxa8 Kf8 32. Kg2 Ke7 33.
Bc6 Kd8 34. Kh3 Kc7 35. Bg2 Nd7 36. c6 Nf6 37. Kh4 h6 38. h3 Kd6 39. g4 fxg4
40. hxg4 Kc7 41. f4 Kd6 42. Bf3 Kc7 43. g5 hxg5+ 44. fxg5 Ne8 45. Kh5 Kd6 46.
Kh6 Ke7 47. Kh7 Kf8 48. Bh5 Nc7 49. Bxf7 Kxf7 50. g6+ Ke7 51. g7 Ne8 52. c7
Nxc7 53. g8=Q Nd5 54. Kg6 Nf4+ 55. Kg5 Nd5 56. Qb8 Kd7 57. Kg4 Ke7 58. Kg5 Kd7
59. Kg6 Ke7 60. Kg7 Kd7 61. Kf7 Nc7 62. Qb6 1-0

[Event "2. Bundesliga Mitte 2012/2013"]
[Site "Bad Schallerbach"]
[Date "2012.10.21"]
[Round "3"]
[Board "5"]
[White "Halvax, Georg"]
[Black "Tober, Gerhard"]
[Result "1-0"]
[WhiteElo "2282"]
[BlackElo "2272"]
[PlyCount "87"]
[EventDate "2012.10.19"]
[EventType "team"]
[EventRounds "11"]
[EventCountry "AUT"]
[WhiteTeam "Schachclub MPOE Maria Saal"]
[BlackTeam "ASK St. Valentin"]

1. Nf3 d5 2. d4 Nf6 3. c4 e6 4. e3 c5 5. dxc5 Bxc5 6. a3 O-O 7. b4 Be7 8. Bb2
dxc4 9. Qxd8 Rxd8 10. Bxc4 a6 11. Ke2 b5 12. Bd3 Bb7 13. Nbd2 Nbd7 14. Nb3 Rac8
15. Na5 Ba8 16. Rac1 Nb6 17. Bd4 Na4 18. Ne5 Nd5 19. Nec6 Bxc6 20. Rxc6 Rxc6
21. Nxc6 Rc8 22. Nxe7+ Nxe7 23. Kd2 f5 24. Bc2 Rd8 25. Ke2 Nc6 26. Bxa4 Nxd4+
27. exd4 bxa4 28. Rc1 Rxd4 29. Rc6 a5 30. bxa5 Kf7 31. a6 Rd8 32. a7 Ra8 33.
Rc7+ Kf6 34. Kd3 e5 35. Kc4 e4 36. Kb5 f4 37. Kb6 g5 38. Kb7 Rxa7+ 39. Kxa7 g4
40. Rc5 f3 41. gxf3 exf3 42. Kb6 Kg6 43. Ka5 h5 44. Kxa4 1-0

[Event "2. Bundesliga Mitte 2012/2013"]
[Site "Bad Schallerbach"]
[Date "2012.10.21"]
[Round "3"]
[Board "6"]
[White "Heimberger, Reinhard"]
[Black "Rieger, Robert"]
[Result "1-0"]
[WhiteElo "2300"]
[BlackElo "2124"]
[PlyCount "51"]
[EventDate "2012.10.19"]
[EventType "team"]
[EventRounds "11"]
[EventCountry "AUT"]
[WhiteTeam "ASK St. Valentin"]
[BlackTeam "Schachclub MPOE Maria Saal"]

1. g3 e5 2. c4 Nf6 3. Bg2 d5 4. cxd5 Nxd5 5. Nc3 Nb6 6. Nf3 Nc6 7. O-O Be7 8.
d3 Be6 9. a3 O-O 10. b4 a5 11. b5 Nd4 12. Nxd4 exd4 13. Na4 Nxa4 14. Qxa4 Bd5
15. Qxd4 Bf6 16. Qxd5 Bxa1 17. Qxd8 Raxd8 18. Bf4 Bb2 19. Bxc7 Rd7 20. b6 Bxa3
21. Bxb7 Bd6 22. Rc1 Re8 23. Ba6 Kf8 24. e4 a4 25. e5 Rxe5 26. b7 1-0

[Event "2. Bundesliga Mitte 2012/2013"]
[Site "Bad Schallerbach"]
[Date "2012.10.21"]
[Round "3"]
[Board "1"]
[White "Pilaj, Herwig"]
[Black "Wittmann, Walter"]
[Result "1/2-1/2"]
[WhiteElo "2345"]
[BlackElo "2245"]
[PlyCount "108"]
[EventDate "2012.10.19"]
[EventType "team"]
[EventRounds "11"]
[EventCountry "AUT"]
[WhiteTeam "SC Die Klagenfurter"]
[BlackTeam "Union Styria Graz"]

1. Nf3 c5 2. c4 Nc6 3. Nc3 g6 4. g3 Bg7 5. Bg2 d6 6. d3 Bd7 7. e3 Nh6 8. Qd2
O-O 9. b3 e5 10. Bb2 Rb8 11. O-O Nf5 12. Rab1 a6 13. Ba1 h5 14. a3 b5 15. cxb5
axb5 16. b4 cxb4 17. axb4 Nce7 18. Rfc1 Qb6 19. Ne4 Rfc8 20. Nfg5 Be8 21. Rxc8
Rxc8 22. Rc1 Rxc1+ 23. Qxc1 Qa7 24. Bc3 Qa2 25. Qb2 Qa4 26. Qb1 Bc6 27. h3 f6
28. Nf3 Nc8 29. Nfd2 Nfe7 30. Bf3 Bd5 31. Bd1 Qa8 32. Bb3 f5 33. Ng5 Nb6 34. e4
fxe4 35. dxe4 Bh6 36. Ngf3 Bxb3 37. Qxb3+ Kg7 38. Qe6 Nbc8 39. Kg2 Qc6 40. Ba1
Bxd2 41. Nxd2 Qc2 42. Bxe5+ dxe5 43. Qxe5+ Kf8 44. Nf3 Qc4 45. Nd4 Qxb4 46.
Nxb5 Ke8 47. Nc7+ Kd7 48. Ne6 Qd6 49. Nf8+ Kc6 50. Qc3+ Kb7 51. Qb2+ Qb6 52.
Qxb6+ Kxb6 53. f4 Kc5 54. g4 hxg4 1/2-1/2

[Event "2. Bundesliga Mitte 2012/2013"]
[Site "Bad Schallerbach"]
[Date "2012.10.21"]
[Round "3"]
[Board "2"]
[White "Manhardt, Thomas"]
[Black "Wertjanz, David"]
[Result "1-0"]
[WhiteElo "2152"]
[BlackElo "2259"]
[PlyCount "107"]
[EventDate "2012.10.19"]
[EventType "team"]
[EventRounds "11"]
[EventCountry "AUT"]
[WhiteTeam "Union Styria Graz"]
[BlackTeam "SC Die Klagenfurter"]

1. e4 c5 2. Nf3 d6 3. d4 cxd4 4. Nxd4 Nf6 5. Nc3 Nc6 6. Bc4 Qb6 7. Nb3 e6 8.
Bf4 Ne5 9. Be2 Bd7 10. Be3 Qc7 11. f4 Nc4 12. Bxc4 Qxc4 13. Qd3 Qxd3 14. cxd3
d5 15. exd5 Nxd5 16. Nxd5 exd5 17. O-O Bb5 18. Rfe1 Bxd3 19. Rad1 Be4 20. Bc5
Rd8 21. Bxf8 Rxf8 22. Nc5 Ke7 23. Nxb7 Rb8 24. Rxd5 f5 25. Nc5 Rxb2 26. Nxe4
fxe4 27. Rxe4+ Kf6 28. Ra4 Re8 29. Ra6+ Re6 30. Rxe6+ Kxe6 31. Ra5 Rb7 32. g4
Kf6 33. Kg2 Rc7 34. Kg3 h6 35. Ra6+ Kf7 36. f5 Rb7 37. Kh4 Rc7 38. Kh5 Rd7 39.
h4 Rc7 40. g5 hxg5 41. hxg5 Rb7 42. g6+ Kf8 43. Kg5 Rc7 44. Ra4 Rb7 45. Rc4 Ke8
46. Rc8+ Ke7 47. Rg8 Kd6 48. Rxg7 Rxg7 49. f6 Rb7 50. g7 Rb1 51. f7 Rg1+ 52.
Kh6 Rh1+ 53. Kg6 Rg1+ 54. Kh7 1-0

[Event "2. Bundesliga Mitte 2012/2013"]
[Site "Bad Schallerbach"]
[Date "2012.10.21"]
[Round "3"]
[Board "4"]
[White "Herrmann, Johann"]
[Black "Petschar, Kurt"]
[Result "1/2-1/2"]
[WhiteElo "2158"]
[BlackElo "2295"]
[PlyCount "73"]
[EventDate "2012.10.19"]
[EventType "team"]
[EventRounds "11"]
[EventCountry "AUT"]
[WhiteTeam "Union Styria Graz"]
[BlackTeam "SC Die Klagenfurter"]

1. c4 Nf6 2. g3 e6 3. Bg2 d5 4. cxd5 exd5 5. Nf3 c5 6. O-O Nc6 7. d4 Be7 8. Nc3
O-O 9. Bg5 c4 10. Ne5 Be6 11. f4 h6 12. Bxf6 Bxf6 13. e3 Bxe5 14. dxe5 Qb6 15.
Nxd5 Qxb2 16. Qc1 Qxc1 17. Rfxc1 Rad8 18. Nc7 Na5 19. Nb5 a6 20. Nd6 b5 21. f5
Bd7 22. Bd5 Bc6 23. e4 Bxd5 24. exd5 f6 25. Ne4 Rxd5 26. e6 Rfd8 27. Re1 Kf8
28. Nxf6 gxf6 29. e7+ Kf7 30. exd8=N+ Rxd8 31. Re6 c3 32. Rc1 b4 33. Rxa6 Nc4
34. Ra7+ Kf8 35. Rc7 Ne3 36. Re1 Nxf5 37. Kf1 1/2-1/2

[Event "2. Bundesliga Mitte 2012/2013"]
[Site "Bad Schallerbach"]
[Date "2012.10.21"]
[Round "3"]
[Board "5"]
[White "Jakits, Leopold"]
[Black "Stagl, Marco"]
[Result "0-1"]
[WhiteElo "1979"]
[BlackElo "2079"]
[PlyCount "32"]
[EventDate "2012.10.19"]
[EventType "team"]
[EventRounds "11"]
[EventCountry "AUT"]
[WhiteTeam "SC Die Klagenfurter"]
[BlackTeam "Union Styria Graz"]

1. e4 d5 2. exd5 Nf6 3. d4 Nxd5 4. c4 Nb6 5. Nf3 g6 6. Nc3 Bg7 7. h3 O-O 8. Be3
Nc6 9. Qd2 Re8 10. d5 Ne5 11. Nxe5 Bxe5 12. c5 Bxc3 13. bxc3 Nxd5 14. Rd1 c6
15. c4 Nxe3 16. Qxd8 Nc2+ 0-1

[Event "2. Bundesliga Mitte 2012/2013"]
[Site "Bad Schallerbach"]
[Date "2012.10.21"]
[Round "3"]
[Board "6"]
[White "Kozomara, David"]
[Black "Hackl, David"]
[Result "1-0"]
[WhiteElo "1922"]
[BlackElo "1944"]
[PlyCount "65"]
[EventDate "2012.10.19"]
[EventType "team"]
[EventRounds "11"]
[EventCountry "AUT"]
[WhiteTeam "Union Styria Graz"]
[BlackTeam "SC Die Klagenfurter"]

1. e4 c5 2. Nf3 d6 3. d4 cxd4 4. Nxd4 Nf6 5. Nc3 a6 6. Be2 e6 7. Be3 Qc7 8. a4
b6 9. f4 Bb7 10. Bf3 Nbd7 11. f5 e5 12. Nb3 Be7 13. g4 h6 14. O-O O-O 15. Bg2
Rfd8 16. h4 Nc5 17. Nxc5 dxc5 18. Qf3 c4 19. g5 hxg5 20. hxg5 Nd7 21. f6 Bc5
22. Bxc5 Qxc5+ 23. Kh2 g6 24. Rad1 Nf8 25. Nd5 Bxd5 26. exd5 Nh7 27. Qg3 Qd6
28. Rfe1 e4 29. Rxe4 Nxg5 30. Re8+ Kh7 31. Qxd6 Rxd6 32. Rxa8 Rxf6 33. d6 1-0

[Event "2. Bundesliga Mitte 2012/2013"]
[Site "Bad Schallerbach"]
[Date "2012.10.21"]
[Round "3"]
[Board "1"]
[White "Poetz, Florian"]
[Black "Rabiega, Robert"]
[Result "1-0"]
[WhiteElo "2411"]
[BlackElo "2515"]
[PlyCount "123"]
[EventDate "2012.10.19"]
[EventType "team"]
[EventRounds "11"]
[EventCountry "AUT"]
[WhiteTeam "Schachklub Sparkasse Fuerstenfeld"]
[BlackTeam "StrassenbahnGraz"]

1. e4 e5 2. Nf3 Nc6 3. Bb5 Nf6 4. d3 Bc5 5. c3 d6 6. d4 exd4 7. cxd4 Bb4+ 8.
Kf1 d5 9. e5 Nd7 10. Qb3 Be7 11. Qxd5 O-O 12. Nc3 Nb4 13. Qe4 c6 14. Be2 Nb6
15. a3 N4d5 16. Nxd5 Nxd5 17. Bd3 f5 18. Qe2 Be6 19. Kg1 Nc7 20. Be3 Bd5 21.
Rd1 Ne6 22. Bb1 Qb6 23. h4 h6 24. h5 Rad8 25. Rh3 Rd7 26. Qd2 Bd8 27. Qc3 Bg5
28. b4 Qd8 29. Kh1 Nf4 30. Bxf4 Bxf4 31. Bc2 Kh7 32. Re1 Bxf3 33. Qxf3 Rxd4 34.
g4 Kh8 35. gxf5 Qe7 36. e6 Bg5 37. Kg2 Rd2 38. Be4 Rfd8 39. Qg4 Ra2 40. Rd1
Rxd1 41. Qxd1 Bh4 42. Qg4 Bxf2 43. Rd3 Bb6+ 44. Kh3 Bc7 45. Bg2 Qf6 46. e7 Re2
47. Rd8+ Bxd8 48. exd8=Q+ Qxd8 49. Qxe2 a5 50. Qe4 Qd2 51. Bf3 Qc3 52. bxa5
Qxa3 53. f6 gxf6 54. Qe8+ Kg7 55. Qg6+ Kf8 56. Qxh6+ Ke7 57. Qh7+ Kd6 58. Qf5
Qa1 59. h6 Qf1+ 60. Kg4 Ke7 61. Kh5 Qg1 62. Bg4 1-0

[Event "2. Bundesliga Mitte 2012/2013"]
[Site "Bad Schallerbach"]
[Date "2012.10.21"]
[Round "3"]
[Board "2"]
[White "Grunberg, Mihai-Lucian"]
[Black "Kuba, Guenter"]
[Result "0-1"]
[WhiteElo "2426"]
[BlackElo "2387"]
[PlyCount "132"]
[EventDate "2012.10.19"]
[EventType "team"]
[EventRounds "11"]
[EventCountry "AUT"]
[WhiteTeam "StrassenbahnGraz"]
[BlackTeam "Schachklub Sparkasse Fuerstenfeld"]

1. Nf3 d5 2. c4 e6 3. g3 Nf6 4. Bg2 Be7 5. O-O O-O 6. d4 Nbd7 7. Qc2 c6 8. Nbd2
b6 9. e4 Bb7 10. e5 Ne8 11. cxd5 cxd5 12. Re1 Rc8 13. Qa4 Bc6 14. Qb3 b5 15.
Nf1 b4 16. h4 a5 17. Bg5 a4 18. Qd3 Nc7 19. Bxe7 Qxe7 20. Ng5 g6 21. Ne3 Nb5
22. Rac1 Na7 23. Qa6 Rc7 24. Qa5 Rb7 25. Bf1 Bb5 26. Bxb5 Nxb5 27. Red1 a3 28.
bxa3 Nxa3 29. Rd3 Nb6 30. Ng4 Kg7 31. Nf6 h6 32. Nf3 Nac4 33. Qb5 Rfb8 34. Qc5
Qxc5 35. dxc5 Na4 36. c6 Rc7 37. Nd7 Rbc8 38. Nd4 Na5 39. Rb1 Nxc6 40. Nxc6
Rxd7 41. Nxb4 Rb7 42. Kg2 Rc4 43. Rdb3 Nc5 44. R3b2 g5 45. hxg5 hxg5 46. a3 Nd7
47. Re1 Ra7 48. Rb3 Nc5 49. Rf3 g4 50. Rf4 Rxf4 51. gxf4 Rxa3 52. f5 Ne4 53.
Re2 Rb3 54. f6+ Kg6 55. Nc6 Rc3 56. Nd4 Kg5 57. Rb2 Rd3 58. Nc6 Rd2 59. Rxd2
Nxd2 60. Nd8 Kg6 61. Kg3 Ne4+ 62. Kf4 Nxf2 63. Nc6 Kh5 64. Ke3 g3 65. Nd4 Kg6
66. Kf3 Nd3 0-1

[Event "2. Bundesliga Mitte 2012/2013"]
[Site "Bad Schallerbach"]
[Date "2012.10.21"]
[Round "3"]
[Board "3"]
[White "Radnetter, Georg"]
[Black "Supancic, Darko"]
[Result "1/2-1/2"]
[WhiteElo "2278"]
[BlackElo "2370"]
[PlyCount "105"]
[EventDate "2012.10.19"]
[EventType "team"]
[EventRounds "11"]
[EventCountry "AUT"]
[WhiteTeam "Schachklub Sparkasse Fuerstenfeld"]
[BlackTeam "StrassenbahnGraz"]

1. Nf3 d6 2. d4 Bg4 3. g3 Bxf3 4. exf3 e6 5. Bg2 d5 6. O-O Ne7 7. Re1 g6 8. Bf4
Nd7 9. Qd2 Bg7 10. Na3 a6 11. Bh6 Bxh6 12. Qxh6 Nf5 13. Qd2 O-O 14. c4 c6 15.
Bh3 Qf6 16. Bxf5 Qxf5 17. Re3 Rad8 18. Qb4 c5 19. Qd2 e5 20. dxe5 Nxe5 21. Qe2
Nc6 22. cxd5 Nd4 23. Qc4 Rxd5 24. f4 b5 25. Qf1 c4 26. Rae1 Rdd8 27. Kg2 Qf6
28. Rc1 Qc6+ 29. f3 Nf5 30. Re2 Rd3 31. Nc2 Qf6 32. Rb1 Qd6 33. a3 Rd8 34. Qf2
a5 35. Rbe1 Kg7 36. g4 Nd4 37. Nxd4 Rxd4 38. Re4 Rd3 39. a4 Rd2 40. R1e2 Rxe2
41. Qxe2 Qb4 42. Rd4 Rxd4 43. Qe5+ Kg8 44. Qxd4 bxa4 45. Qd8+ Qf8 46. Qxa5 Qb8
47. Qd2 Qc7 48. Qb4 Qxf4 49. Qxa4 h5 50. gxh5 Qg5+ 51. Kf2 Qxh5 52. Qe8+ Kg7
53. Qb8 1/2-1/2

[Event "2. Bundesliga Mitte 2012/2013"]
[Site "Bad Schallerbach"]
[Date "2012.10.21"]
[Round "3"]
[Board "4"]
[White "Pesorda, Ivan"]
[Black "Schwarhofer, Christopher"]
[Result "0-1"]
[WhiteElo "2274"]
[BlackElo "2285"]
[PlyCount "100"]
[EventDate "2012.10.19"]
[EventType "team"]
[EventRounds "11"]
[EventCountry "AUT"]
[WhiteTeam "StrassenbahnGraz"]
[BlackTeam "Schachklub Sparkasse Fuerstenfeld"]

1. d4 Nf6 2. c4 g6 3. Nc3 Bg7 4. e4 d6 5. f4 O-O 6. Nf3 c5 7. d5 e6 8. Be2 exd5
9. cxd5 Re8 10. Nd2 Ng4 11. Bxg4 Qh4+ 12. g3 Qxg4 13. Qxg4 Bxg4 14. Nb5 Na6 15.
h3 Rxe4+ 16. Nxe4 Bf3 17. O-O Bxe4 18. Nc3 Bd4+ 19. Kh2 Bd3 20. Rd1 Nb4 21. Bd2
Nc2 22. Rac1 Re8 23. f5 Bxf5 24. Bf4 b5 25. g4 Bxc3 26. bxc3 Re2+ 27. Kg3 Be4
28. Bxd6 g5 29. Rg1 f5 30. gxf5 Ne3 31. Bf4 gxf4+ 32. Kxf4+ Ng2+ 33. Ke5 Kf7
34. Rcd1 Bc2+ 35. Kd6 Bxd1 36. Rxd1 Ne3 37. Rb1 b4 38. cxb4 c4 39. Rc1 Kf6 40.
a4 Rd2 41. Kc6 Rxd5 42. a5 Rd1 43. Rc3 Rd3 44. Rc1 c3 45. b5 c2 46. b6 axb6 47.
axb6 Rc3+ 48. Kd7 Nc4 49. b7 Ne5+ 50. Kd6 Nc6 0-1

[Event "2. Bundesliga Mitte 2012/2013"]
[Site "Bad Schallerbach"]
[Date "2012.10.21"]
[Round "3"]
[Board "5"]
[White "Takacs, Balazs"]
[Black "Steiner, Stefan"]
[Result "1/2-1/2"]
[WhiteElo "2348"]
[BlackElo "2249"]
[PlyCount "143"]
[EventDate "2012.10.19"]
[EventType "team"]
[EventRounds "11"]
[EventCountry "AUT"]
[WhiteTeam "Schachklub Sparkasse Fuerstenfeld"]
[BlackTeam "StrassenbahnGraz"]

1. e4 Nc6 2. Bb5 a6 3. Bxc6 dxc6 4. Nf3 Nf6 5. d3 e6 6. O-O Be7 7. Nbd2 b6 8.
b3 Nd7 9. Bb2 Bf6 10. e5 Be7 11. Qe2 Bb7 12. Qe4 Nf8 13. Rfd1 g5 14. a4 a5 15.
Ba3 h5 16. Bxe7 Qxe7 17. Qe3 g4 18. Ng5 c5 19. Nde4 O-O-O 20. Nf6 Nd7 21. Nxd7
Rxd7 22. Ne4 Bxe4 23. Qxe4 Kb8 24. Qe3 Rg8 25. Rf1 Rg5 26. Rae1 Rd8 27. f4 Rf5
28. Qg3 Qd7 29. Re4 Qc6 30. Rf2 Kb7 31. Rd2 Rd4 32. Qe3 h4 33. Rxd4 cxd4 34.
Qxd4 g3 35. Re2 gxh2+ 36. Kxh2 Qe8 37. Qe4+ Kb8 38. Qf3 Qg8 39. Kh3 f6 40. Qg4
Qf7 41. g3 hxg3 42. Kxg3 fxe5 43. Rxe5 Rxe5 44. fxe5 Kc8 45. d4 c6 46. c4 Kc7
47. Qg5 Qh7 48. Qf6 Qd3+ 49. Qf3 Qg6+ 50. Kf4 Kd7 51. Ke3 Qg1+ 52. Qf2 Qg5+ 53.
Ke2 Qg6 54. Kd2 Qh6+ 55. Kc2 Qg6+ 56. Kb2 Qh7 57. Qd2 Qe4 58. Kc3 Kc8 59. Qf2
Kb7 60. Kb2 Ka6 61. Kc3 Kb7 62. Kd2 Ka6 63. Qe3 Qg2+ 64. Qe2 Qg5+ 65. Kc2 Kb7
66. Qe4 Qg3 67. d5 Qf2+ 68. Kb1 Qf1+ 69. Kb2 Qf2+ 70. Kb1 Qf1+ 71. Kb2 Qf2+ 72.
Kb1 1/2-1/2

[Event "2. Bundesliga Mitte 2012/2013"]
[Site "Bad Schallerbach"]
[Date "2012.10.21"]
[Round "3"]
[Board "1"]
[White "Renner, Christoph"]
[Black "Horvath, Adam"]
[Result "0-1"]
[WhiteElo "2458"]
[BlackElo "2485"]
[PlyCount "70"]
[EventDate "2012.10.19"]
[EventType "team"]
[EventRounds "11"]
[EventCountry "AUT"]
[WhiteTeam "Spg. Sauwald"]
[BlackTeam "RbEJ Gleisdorf"]

1. e4 c5 2. d3 Nc6 3. g3 g6 4. Bg2 Bg7 5. Nc3 d6 6. Be3 e5 7. Nh3 h5 8. Nd5 Bg4
9. f3 Be6 10. c3 Nge7 11. Nxe7 Qxe7 12. Ng5 Bd7 13. h4 Bh6 14. Qd2 f6 15. Nh3
Bxe3 16. Qxe3 O-O-O 17. a3 Rhg8 18. f4 Kb8 19. O-O-O Qe6 20. Kb1 Qb3 21. Rc1 c4
22. Bf3 cxd3 23. Bd1 Qc4 24. Nf2 f5 25. b3 Qa6 26. Kb2 fxe4 27. Nxe4 Bf5 28.
Bf3 exf4 29. Qxf4 Rgf8 30. Rhf1 Ne5 31. Nc5 Qb6 32. Na4 d2 33. Qxd2 Nc4+ 34.
Ka2 Nxd2 35. Nxb6 axb6 0-1

[Event "2. Bundesliga Mitte 2012/2013"]
[Site "Bad Schallerbach"]
[Date "2012.10.21"]
[Round "3"]
[Board "2"]
[White "Horvath, Tamas"]
[Black "Taggatz, Mario"]
[Result "1/2-1/2"]
[WhiteElo "2390"]
[BlackElo "2303"]
[PlyCount "62"]
[EventDate "2012.10.19"]
[EventType "team"]
[EventRounds "11"]
[EventCountry "AUT"]
[WhiteTeam "RbEJ Gleisdorf"]
[BlackTeam "Spg. Sauwald"]

1. e4 e6 2. d4 d5 3. Nd2 c5 4. exd5 Qxd5 5. dxc5 Bxc5 6. Ngf3 Nf6 7. Bd3 O-O 8.
O-O b6 9. Nc4 Bb7 10. Nce5 Nc6 11. c4 Qd6 12. Qe2 Nxe5 13. Nxe5 Nd7 14. Bf4
Nxe5 15. Bxe5 Qc6 16. Qg4 f6 17. Bc3 Rad8 18. Rad1 e5 19. Bf5 g6 20. Rfe1 Bc8
21. Bxc8 Qxc8 22. Qe4 Rxd1 23. Rxd1 Rd8 24. Rd5 Rxd5 25. Qxd5+ Kg7 26. Qd3 Qg4
27. h3 Qf4 28. Qd7+ Kg8 29. Qd8+ Kg7 30. Qd7+ Kg8 31. Qd8+ Kg7 1/2-1/2

[Event "2. Bundesliga Mitte 2012/2013"]
[Site "Bad Schallerbach"]
[Date "2012.10.21"]
[Round "3"]
[Board "4"]
[White "Wegerer, Fred"]
[Black "Hiermann, Dietmar"]
[Result "1/2-1/2"]
[WhiteElo "2194"]
[BlackElo "2311"]
[PlyCount "37"]
[EventDate "2012.10.19"]
[EventType "team"]
[EventRounds "11"]
[EventCountry "AUT"]
[WhiteTeam "RbEJ Gleisdorf"]
[BlackTeam "Spg. Sauwald"]

1. Nf3 d5 2. e3 Nf6 3. b3 e6 4. Bb2 Bd6 5. c4 c6 6. Qc2 Nbd7 7. Nc3 Qe7 8. d4
O-O 9. Be2 a6 10. O-O dxc4 11. Bxc4 c5 12. Ne4 Nxe4 13. Qxe4 cxd4 14. Nxd4 Nf6
15. Qf3 Ba3 16. Bc3 Bb4 17. Bb2 Ba3 18. Bc3 Bb4 19. Bb2 1/2-1/2

[Event "2. Bundesliga Mitte 2012/2013"]
[Site "Bad Schallerbach"]
[Date "2012.10.21"]
[Round "3"]
[Board "5"]
[White "Testor, Sebastian"]
[Black "Watzka, Horst"]
[Result "0-1"]
[WhiteElo "2308"]
[BlackElo "2259"]
[PlyCount "69"]
[EventDate "2012.10.19"]
[EventType "team"]
[EventRounds "11"]
[EventCountry "AUT"]
[WhiteTeam "Spg. Sauwald"]
[BlackTeam "RbEJ Gleisdorf"]

1. d4 Nf6 2. c4 g6 3. Nc3 Bg7 4. e4 d6 5. Bd3 O-O 6. Nge2 Nc6 7. O-O Nh5 8. Bc2
e5 9. d5 Ne7 10. Kh1 f5 11. exf5 Bxf5 12. Ne4 Qd7 13. Bg5 Rf7 14. Qd2 Raf8 15.
N2c3 Nf4 16. f3 Bxe4 17. Nxe4 Nf5 18. Nf2 Nd4 19. Be4 Qe8 20. Nd3 Nxd3 21. Qxd3
Kh8 22. b3 Nf5 23. Bd2 b6 24. a4 a5 25. b4 axb4 26. Bxb4 Qd8 27. Rfb1 Bh6 28.
Be1 Bf4 29. a5 bxa5 30. Rxa5 Qg5 31. Bxf5 gxf5 32. Rab5 Qh6 33. h3 Be3 34. Rb8
Bb6 35. Qd2 {Flag!!} 0-1